| 000 | 00862cam a22002411 4500 | ||
|---|---|---|---|
| 001 | g 01002193 | ||
| 003 | DLC | ||
| 005 | 20260227111257.0 | ||
| 008 | 920806s1879 gw a 000 0 ger | ||
| 010 | _ag 01002193 | ||
| 035 | _a(OCoLC)26338787 | ||
| 040 |
_aDLC _cCSt _dDLC |
||
| 042 | _apremarc | ||
| 050 | 0 | 0 |
_aHD9030.4 _b.K8 |
| 100 | 1 | _aKremp, J. H. | |
| 245 | 0 | 0 |
_aÜber den einfluss des Ernteausfalls auf die Getreidepreise Während der Jahre 1846-1875 in den hauptsächlichsten Ländern Europas, _cvon J.H. Kremp ... |
| 260 |
_aJena, _bG. Fischer, _c1879. |
||
| 300 |
_aiv, [2], 162 p. incl. tables. _bfold. diagrs. _c24 cm. |
||
| 490 | 0 |
_aSammlung nationalökonomischer und statistischer Abhandlungen ... _v2. Bd., 2. Hft. |
|
| 500 | _aPub. also as the author's inauguarl dissertation, Jena, 1879. | ||
| 650 | 0 | _aPrices. | |
| 650 | 0 | _aGrain trade. | |
| 999 |
_c23924 _d23924 |
||